000 00652nam a22002417a 4500
003 UA-OsUOA
001 43024
007 ta
008 20061205b un ||||| |||| 00| 0 ukr d
100 _aИванов Л.
090 _a339.138
_bИ20
942 _cBK
040 _aUA-OsUOA
_brus
_cUA-OsUOA
_dUA-OsUOA
245 _aИсследование рынка собственными силами
300 _a144 с.
955 _a2
041 _arus
080 _a339.138
020 _a5-469-01343-Х
260 _aМ.
_bПИТЕР
_c2006
650 7 _a339.1 Загальні питання торгівлі. Ринок
_2UDC
999 _c329156
_d329156